World of Warships: All Tier 10 Tech Tree Ships - Statistics

General Stats
  • This quiz has been taken 26 times
  • The average score is 32 of 55
Answer Stats
Hint Answer % Correct
Japanese Destroyer Shimakaze
87%
Japanese Cruiser Zaō
87%
British Battleship Conqueror
80%
British Destroyer Daring
80%
European Destroyer Halland
80%
American Battleship Montana
80%
American Cruiser Des Moines
73%
German Destroyer Elbing
73%
American Destroyer Gearing
73%
Japanese Destroyer Harugumo
73%
German Cruiser Hindenburg
73%
French Destroyer Kléber
73%
Italian Cruiser Venezia
73%
American Battleship Vermont
73%
Japanese Battleship Yamato
73%
Pan-Asian Destroyer Yueyang
73%
European Destroyer Gdańsk
67%
Pan-American Battleship Libertad
67%
French Cruiser Marseille
67%
British Cruiser Minotaur
67%
German Battleship Preussen
67%
German Battleship Schlieffen
67%
German Submarine U-2501
67%
American Cruiser Worcester
67%
German Destroyer Z-52
67%
Japanese Battleship Bungo
60%
Dutch Cruiser Gouden Leeuw
60%
Pan-Asian Cruiser Jinan
60%
Russian Battleship Kremlin
60%
American Battleship Louisiana
60%
American Aircraft Carrier Midway
60%
French Battleship République
60%
British Battleship St. Vincent
60%
Japanese Cruiser Yodo
60%
American Submarine Balao
53%
French Cruiser Henri IV
53%
Russian Cruiser Petropavlovsk
53%
Pan-American Cruiser San Martín
53%
Spanish Cruiser Castilla
47%
Commonwealth Cruiser Cerberus
47%
British Cruiser Goliath
47%
Japanese Aircraft Carrier Hakuryū
47%
British Submarine Thrasher
47%
Dutch Cruiser Utrecht
47%
French Destroyer Cassard
40%
Italian Battleship Cristoforo Colombo
40%
Russian Destroyer Delny
40%
Russian Destroyer Grozovoi
40%
Russian Cruiser Alexander Nevsky
33%
American Aircraft Carrier Essex
33%
Russian Submarine K-1
33%
Italian Destroyer Attilio Regolo
27%
Russian Aircraft Carrier Admiral Nakhimov
20%
British Aircraft Carrier Audacious
20%
German Aircraft Carrier Manfred von Richtofen
13%
No matching quizzes found
Score Distribution
Percent of People with Each Score
Percentile by Number Answered
Your Score History
You have not taken this quiz